000 00290nam a22001337a 4500
020 _a978-93-80843-21-6
082 _a920
_bNAL/F
245 _aFRANCIS PAPPA
_bJEEVACHARITHRAM
260 _bKARUNIKAN BOOKS
_c2013
300 _a162
520 _aRELIGIOUS
650 _aRELIGIOUS
942 _cBK
999 _c5542
_d5542